000
00181 a2200097 4500
020
_a
9780316166706
041
_a
eng
100
_a
Carman, Patrick
245
_a
Atherton
942
_c
BK
999
_c
11274
_d
11274